=LDR 00000nam 2200000 4500 =001 INLIS000000000036068 =005 20130612141855 =008 ***********************************Ind** =035 ##$$a0010-061300000036068 =041 ##$$a Ind =082 ##$$a F Rom K =090 ##$$a F Rom K, Mus b =100 ##$$a Musselman, Christian =245 ##$$a Barbie in wild fire alibs naga bensin, Christian dan Lily glass ; alih bahasa, Ramayanti =260 ##$$a 2009 $b Jakarta =300 ##$$a 26 hlm, ilus6c18 cm =650 ##$$a Fiksi kanak-kanak =850 ##$$a NBPNMAT =990 ##$$a 21195190/BPAP-NTB/2014